| 000 | 00449cam a22001577a 4500 | ||
|---|---|---|---|
| 008 | 180718b2008 xxu||||| |||| 00| 0 eng d | ||
| 020 | _a9780199548897 | ||
| 082 | _aT19 D286 | ||
| 245 |
_aPersonal wealth from a global perspective _cedited by James B. Davies |
||
| 260 |
_aOxford _bOxford Univ. Press _c2008 |
||
| 300 | _a467p. | ||
| 650 | _aIncome distribution | ||
| 650 | _aEconomic development | ||
| 650 | _aWealth | ||
| 700 | _aDavies, James B. | ||
| 999 |
_c418099 _d418099 |
||